| 000 | 00470nam a22001697a 4500 | ||
|---|---|---|---|
| 999 |
_c166162 _d166162 |
||
| 008 | 190715b ||||| |||| 00| 0 eng d | ||
| 020 |
_a8176357286 _c195.00 |
||
| 040 |
_aDPL _bEN |
||
| 050 | _a005.13 DEH | ||
| 082 | _a005.13 DEH | ||
| 100 | _aDehaan, Jen | ||
| 245 |
_aMacromedia Flash MX 2004 _cJen Dehaan _hEN |
||
| 260 |
_aNew Delhi _bTechmedia |
||
| 270 | _aKushak-2 (Kadipur) | ||
| 300 |
_ax, 459p. _c24cm. |
||
| 942 |
_2ddc _cEN _h005.13 _mDEH |
||